| 000 | 00521nam a22001577a 4500 | ||
|---|---|---|---|
| 020 | _a9780199539017 | ||
| 082 | _a342.4202 BAG | ||
| 100 | _aBagehot, Walter | ||
| 245 |
_aOxford World's Classics The English Constitution _cWalter Bagehot |
||
| 260 |
_aNew York _bOxford University Press _c2009 |
||
| 300 | _a219p | ||
| 650 |
_aNLS2024, NLSETEXTBOOKS, NLSEBOOKBANK _9126870 |
||
| 856 | _uhttp://10.250.8.41:8080/xmlui/handle/123456789/47852 | ||
| 942 |
_2ddc _cBK |
||
| 999 |
_c541238 _d541238 |
||